Malá Fatra Tiesňavy

Zobrazenie:

Bibliographic Details
Other Authors: Čenková, Emília (Photographer)
Format: Photo
Language:Slovak
English
German
Russian
PhysicalDescription:1 pohľadnica farebná 15 x 11 cm
Published: Bratislava ČSTK-Pressfoto 1982
Subjects:

MARC

LEADER 00000ckm a2200000 a 4500
001 vtls010678415
003 SK-MaSNL
005 20260331205741.0
007 kf co
008 231121s1982 xo g kuslo
015 |a SNBG1982 
035 |a ADAFA6E0-CF8D-4E35-A496-293C6014D576 
035 |a urn:nbn:sk:snk-kmxxl7 
035 |a urn:nbn:sk:snk-km004lv1 
040 |a SNK  |b slo  |c SNK  |e AACR2 
041 0 |a slo  |a eng  |a ger  |a rus 
043 |a e-xo--- 
044 |a xo  |c SK 
080 |a (234.372.4)  |2 2001 
080 |a (437.6-191.2)  |2 2001 
080 |a (084.121)  |2 2001 
100 1 |a Čenková, Emília  |4 pht  |9 177114 
245 1 0 |a Malá Fatra  |h grafika  |b Tiesňavy  |c foto: E. Čeňková 
260 |a Bratislava  |b ČSTK-Pressfoto  |c 1982  |e Skalica  |f Grafobal 
300 |a 1 pohľadnica  |b farebná  |c 15 x 11 cm 
520 8 |a Zobrazenie: 
546 |a Súbežný názov v angličtine, nemčine a ruštine 
651 7 |a Malá Fatra (Slovensko : pohorie)  |2 SNKPHgeo  |9 56372 
655 7 |a geografické pohľadnice  |2 SNKPH  |9 70522 
852 |a Slovenská národná knižnica 
958 |a GBN 
958 |a GC 
958 |a OND 
958 |a EUIPO 
999 |c 586113  |d 588043 
952 |a SNK  |b SNK  |y PREZ  |7 0  |p 17A1123130  |o snkSP 153396  |i snkDK 2015/15241  |8 3  |g 0.50  |0 0  |1 0  |4 0  |d 2015-05-12  |f 1  |l 0  |r 2026-02-23 15:08:18  |w 2026-02-23